Sladké Francúzsko

Ekonomická charakteristika krajiny. Vzájomný obchod Francúzska a Slovenska. Spoločné podniky s podielom francúzskeho kapitálu. Verejné zákazky. Formy obchodných spoločností vo Francúzsku. Daňový systém, tarify. Pracovné sily, zahraniční pracovníci. Charakteristika trhu. Praktické rady.

Salvato in:
Dettagli Bibliografici
Autore principale: Šucha, Jozef
Natura: Capitolo di libro
Lingua:slovacco
Soggetti:
Tags: Aggiungi Tag
Nessun Tag, puoi essere il primo ad aggiungerne!!

MARC

LEADER 00000naa a2200000 4500
001 r026463
005 20230919113153.2
041 0 |a slo 
044 |a SK 
245 1 0 |a Sladké Francúzsko  |c Jozef Šucha 
520 |a Ekonomická charakteristika krajiny. Vzájomný obchod Francúzska a Slovenska. Spoločné podniky s podielom francúzskeho kapitálu. Verejné zákazky. Formy obchodných spoločností vo Francúzsku. Daňový systém, tarify. Pracovné sily, zahraniční pracovníci. Charakteristika trhu. Praktické rady. 
610 2 0 |a Francúzsko 
610 2 0 |a situácia hospodárska 
610 2 0 |a produkt domáci hrubý 
610 2 0 |a obchod zahraničný 
610 2 0 |a vývoz 
610 2 0 |a dovoz 
610 2 0 |a Slovensko 
610 2 0 |a styk zahraničnoobchodný 
610 2 0 |a investície zahraničné 
610 2 0 |a podnik spoločný 
610 2 0 |a sektor verejný 
610 2 0 |a obstarávanie verejné 
610 2 0 |a systémy daňové 
610 2 0 |a dane 
610 2 0 |a zamestnanci 
610 2 0 |a pracovníci zahraniční 
100 1 |a Šucha, Jozef